000 01161cad a22003615a 4500
001 L159831
008 150226s2018 xxk f 000 0 eng d
035 _a(Sirsi) u159831
041 0 _aeng
100 1 _aCox, Hugo
245 0 0 _aNew power generation
_h[electronic resource]
260 _c2018
490 _aModus
_vMarch 2018, 12-23 (11)
505 _aPast its peak -- Blowing up a storm -- Easy cell -- Core in the community
520 _aReports on the future of the energy infrastructure, explores the potential of smart grids, asks if offshore wind has reached critical mass, prepares for the home batttery revolution and investigates small modular nuclear power.
590 _aKA
650 2 4 _aInfrastructure
_96246
650 2 4 _aENERGY
_96237
650 2 4 _aIT
650 2 4 _aOFFSHORE WIND POWER
650 2 4 _aELECTRICITY
650 2 4 _aRENEWABLE ENERGY
650 2 4 _aSOLAR POWER
650 2 4 _aENERGY USE
650 2 4 _aNUCLEAR ENERGY
690 _aSMART GRID
690 _aENERGY
_96237
690 _aINFRASTRUCTURE
_96246
700 1 _aLavanchy, Rene
700 1 _aBranson, Adam
700 1 _aBurgess, Matt
942 _n0
_2ddc
999 _c84997
_d84997